书目信息 |
| 题名: |
名师教二胡
|
|
| 作者: | 张玉忠 , 赵寒阳 编著 | |
| 分册: | ||
| 出版信息: | 北京 中国戏剧出版社 2020.12 |
|
| 页数: | 204页 | |
| 开本: | 29cm | |
| 丛书名: | ||
| 单 册: | ||
| 中图分类: | J632.21 | |
| 科图分类: | ||
| 主题词: | 二胡--奏法--教材 | |
| 电子资源: | ||
| ISBN: | 978-7-104-05043-8 | |
| 000 | 00810nam0 2200241 45 | |
| 001 | 012001000812 | |
| 005 | 20130909160148.0 | |
| 010 | @a978-7-104-05043-8@dCNY98.00 | |
| 100 | @a20210220d2020 em y0chiy0110 ea | |
| 101 | 0 | @achi |
| 102 | @aCN@b110000 | |
| 105 | @aag z 000yy | |
| 106 | @ar | |
| 200 | 1 | @a名师教二胡@Aming shi jiao er hu@f张玉忠, 赵寒阳编著 |
| 210 | @a北京@c中国戏剧出版社@d2020.12 | |
| 215 | @a204页@c图,照片@d29cm | |
| 330 | @a本书是专门为二胡爱好者编写的教材,它由三部分组成:基础部分,它旨在引领初学者入门,之后循序渐进;曲式与作品分析部分;专业进阶部分。 | |
| 606 | 0 | @a二胡@x奏法@j教材 |
| 690 | @aJ632.21@v5 | |
| 701 | 0 | @a张玉忠@Azhang yu zhong@4编著 |
| 701 | 0 | @a赵寒阳@Azhao han yang@f(1954-)@4编著 |
| 801 | @aCN@b江苏凤凰@c20211018 | |
| 905 | @b1341134-7@dJ632.21@e184@f4 | |
| 名师教二胡/张玉忠, 赵寒阳编著.-北京:中国戏剧出版社,2020.12 |
| 204页:图,照片;29cm |
| ISBN 978-7-104-05043-8:CNY98.00 |
| 本书是专门为二胡爱好者编写的教材,它由三部分组成:基础部分,它旨在引领初学者入门,之后循序渐进;曲式与作品分析部分;专业进阶部分。 |
| ● |
| 相关链接 |
|
|
|
|
正题名:名师教二胡
索取号:J632.21/184
 
预约/预借
| 序号 | 登录号 | 条形码 | 馆藏地/架位号 | 状态 | 备注 |
| 1 | 1341134 | 213411342 | 第一样本阅览室/ [索取号:J632.21/184] | 在馆 | |
| 2 | 1341135 | 213411351 | 第一借阅区/ [索取号:J632.21/184] | 在馆 | |
| 3 | 1341136 | 213411360 | 第一借阅区/ [索取号:J632.21/184] | 在馆 | |
| 4 | 1341137 | 213411379 | 第一借阅区/ [索取号:J632.21/184] | 在馆 |